000 00480nam a22001577a 4500
005 20251111171911.0
008 251111b |||||||| |||| 00| 0 eng d
020 _a9780273793359
050 _aTK5105.59
_b.S713
100 _aStallings, William
245 _aCryptography and Network Security Principles & Practice
_cWilliam Stallings
250 _a6th ed.
_binternational edition
260 _aBoston
_bPearson
_c2014
300 _a751p.
_bill.
_c23cm
942 _2lcc
_cBK
_e6th ed.
_n0
999 _c8226
_d8226